[Event "34.Schlosspark-Open"]
[Site "Wiesbaden-Biebrich"]
[Date "2025.08.31"]
[Round "6.23"]
[White "Pucher, Sebastien"]
[Black "Hendriks, Theo"]
[Result "0-1"]
[WhiteElo "2257"]
[BlackElo "1987"]
[PlyCount "129"]
[EventDate "2025.08.28"]
[WhiteTeam "Metz"]
[BlackTeam "S.V.De Amstel"]

1. d4 Nf6 2. c4 g6 3. Nc3 Bg7 4. e4 d6 5. f3 O-O 6. Be3 Nbd7 7. Qd2 e5 8. d5 g5 9. Nge2 h5 10. h3 Nh7 11. g4 h4 12. Nc1 a5 13. b3 Re8 14. a3 b6 15. Qb2 Ndf8 16. Rh2 Ng6 17. b4 Bf8 18. Rc2 Nf4 19. bxa5 Rxa5 20. Nb3 Ra8 21. a4 Qf6 22. Kf2 Bd7 23. a5 bxa5 24. Rxa5 Reb8 25. Qa1 Qd8 26. Rca2 Rxa5 27. Nxa5 Ra8 28. Nb5 Nf6 29. Na7 Bc8 30. N5c6 Qd7 31. Rb2 Ne8 32. Rb3 f6 33. Kg1 Qf7 34. Kf2 Ng7 35. Qb1 Bd7 36. Nb8 Qe8 37. Rb7 Qd8 38. Qb3 Ne8 39. Qb1 Ba4 40. Rb4 Bd7 41. Qb3 Kh8 42. Rb7 Kg7 43. Bd2 Kh6 44. Ba5 Kg6 45. Na6 Bc8 46. Nxc8 Rxa6 47. Qb5 Rxa5 48. Qxa5 Qxc8 49. Qb5 Qa8 50. Rb8 Qa2+ 51. Kg1 Ng7 52. Rxf8 Qd2 53. Qb3 Qd4+ 54. Kh1 Qf2 55. Rb8 Qe1 56. Qb1 Qg3 57. Qd1 Nxh3 58. Bxh3 Qxh3+ 59. Kg1 Qg3+ 60. Kh1 Qh3+ 61. Kg1 Qg3+ 62. Kf1 Qh3+ 63. Kf2 Qh2+ 64. Ke3 Qa2 65. Qe2 0-1

[Event "34.Schlosspark-Open"]
[Site "Wiesbaden-Biebrich"]
[Date "2025.08.31"]
[Round "6.25"]
[White "Sievers, Andy"]
[Black "Steigleder, Maximilian"]
[Result "1/2-1/2"]
[WhiteElo "2148"]
[BlackElo "1981"]
[PlyCount "116"]
[EventDate "2025.08.28"]
[WhiteTeam "SK Kaiserslautern 1905"]
[BlackTeam "Sfr.1932 Kelkheim"]

1. Nf3 Nf6 2. g3 g6 3. Bg2 Bg7 4. O-O O-O 5. d4 d6 6. Re1 c5 7. c4 Ne4 8. e3 Nd7 9. Qd3 Ndf6 10. Nfd2 Nxd2 11. Bxd2 Qc7 12. Bc3 Bf5 13. e4 cxd4 14. exf5 dxc3 15. Nxc3 a6 16. Rad1 Rfe8 17. b3 Rac8 18. fxg6 hxg6 19. Nd5 Nxd5 20. Qxd5 Rb8 21. h4 Qc5 22. Qxc5 dxc5 23. Rd7 e6 24. Bxb7 Red8 25. Red1 Bd4 26. Rxd8+ Rxd8 27. Kf1 a5 28. Be4 Kg7 29. Ke2 Kf6 30. Rh1 Rh8 31. f4 Kg7 32. Bf3 e5 33. fxe5 Re8 34. g4 Rxe5+ 35. Kd2 Re3 36. Rf1 Re7 37. h5 Re5 38. Be2 Rg5 39. h6+ Kf8 40. Bf3 f5 41. Be2 Kg8 42. gxf5 Rxf5 43. Rxf5 gxf5 44. Bd3 Kh7 45. Bxf5+ Kxh6 46. Kd3 Kg5 47. Ke4 Kf6 48. Bh3 Bb2 49. Kd5 Ba3 50. Bc8 Bb4 51. Bd7 Ba3 52. Bh3 Bb4 53. Bg4 Ba3 54. Kc6 Ke5 55. Kb5 Bb4 56. Ka4 Bc3 57. Kb5 Bb4 58. Ka4 Bc3 1/2-1/2

[Event "34.Schlosspark-Open"]
[Site "Wiesbaden-Biebrich"]
[Date "2025.08.31"]
[Round "6.26"]
[White "Bauer, Claus"]
[Black "Trenz, Finn"]
[Result "1-0"]
[WhiteElo "2145"]
[BlackElo "1932"]
[PlyCount "65"]
[EventDate "2025.08.28"]
[WhiteTeam "Sfr.Mainz 1928"]
[BlackTeam "SV Multatuli Ingelheim e.V."]

1. Nf3 d5 2. d4 Nf6 3. e3 Bf5 4. c4 c6 5. cxd5 cxd5 6. Qb3 Qc7 7. Bd2 e6 8. Bb5+ Nbd7 9. Nc3 a6 10. Rc1 Qb6 11. Qa4 Rc8 12. Bxd7+ Nxd7 13. Ne5 Rc7 14. O-O Bd6 15. Nxd7 Rxd7 16. Nxd5 exd5 17. Rc8+ Ke7 18. Rxh8 Qxb2 19. Bc1 Qe2 20. Ba3 Kf6 21. Bxd6 Rxd6 22. Qe8 Re6 23. Qd8+ Kg6 24. Qh4 Re4 25. Qxh7+ Kf6 26. Qh5 Rg4 27. h3 g6 28. Qh6 Rg5 29. Rf8 Be4 30. Rxf7+ Kxf7 31. Qxg5 Qxa2 32. Rc1 Bc2 33. Qd8 1-0

[Event "34.Schlosspark-Open"]
[Site "Wiesbaden-Biebrich"]
[Date "2025.08.31"]
[Round "6.27"]
[White "von Auer, Ulrich"]
[Black "Ruppert, Wolfgang"]
[Result "1-0"]
[WhiteElo "1960"]
[BlackElo "2128"]
[PlyCount "49"]
[EventDate "2025.08.28"]
[WhiteTeam "SV Oberursel"]
[BlackTeam "SC Flörsheim 1921"]

1. d4 d5 2. Nf3 Nf6 3. c4 e6 4. g3 dxc4 5. Bg2 b5 6. a4 c6 7. Ne5 Nd5 8. O-O Bb7 9. axb5 cxb5 10. b3 c3 11. Qd3 Qb6 12. e4 Nb4 13. Qe3 f6 14. Nd3 Nxd3 15. Qxd3 a6 16. Be3 Qd8 17. Rd1 Nd7 18. Nxc3 Bb4 19. d5 e5 20. Nxb5 axb5 21. Qxb5 Bc3 22. Rac1 Ba6 23. Qc6 Bb4 24. Ra1 Ba5 25. Rxa5 1-0

[Event "34.Schlosspark-Open"]
[Site "Wiesbaden-Biebrich"]
[Date "2025.08.31"]
[Round "6.28"]
[White "Calvi, Stefan"]
[Black "Vranckx, Oscar"]
[Result "1/2-1/2"]
[WhiteElo "1959"]
[BlackElo "2107"]
[PlyCount "95"]
[EventDate "2025.08.28"]
[WhiteTeam "SV Oberursel"]
[BlackTeam "Sfr.Mainz 1928"]

1. e4 e6 2. d3 d5 3. Qe2 Nc6 4. Nf3 d4 5. e5 Qd5 6. c4 Qa5+ 7. Bd2 Qb6 8. Bf4 Nge7 9. g4 Ng6 10. Bg3 h5 11. gxh5 Rxh5 12. Bg2 Rh8 13. O-O Be7 14. b3 Bd7 15. Nbd2 a5 16. a3 Nd8 17. Ne1 Nh4 18. Be4 Nf5 19. Nc2 Nc6 20. Rfb1 Nxg3 21. hxg3 Nxe5 22. b4 Nc6 23. b5 Nd8 24. a4 e5 25. Bg2 Qe6 26. Re1 f6 27. Rac1 Rb8 28. Na1 b6 29. Nab3 c5 30. bxc6 Nxc6 31. Nf3 Qg4 32. c5 b5 33. axb5 Rxb5 34. Nbd2 Rb2 35. Rb1 Rxb1 36. Rxb1 Kf7 37. Ne4 Rb8 38. Rxb8 Nxb8 39. Qa2+ Qe6 40. Qxa5 Kg6 41. Qc7 Na6 42. Nh4+ Kh7 43. Qa7 f5 44. Nxf5 Qxf5 45. Qxa6 Qe6 46. c6 Bxc6 47. Qxc6 Qxc6 48. Ng5+ 1/2-1/2

[Event "34.Schlosspark-Open"]
[Site "Wiesbaden-Biebrich"]
[Date "2025.08.31"]
[Round "6.29"]
[White "Feick, Claas Marten"]
[Black "Hoffmann, Jens"]
[Result "0-1"]
[WhiteElo "1872"]
[BlackElo "2088"]
[PlyCount "102"]
[EventDate "2025.08.28"]
[WhiteTeam "SF Neuberg"]
[BlackTeam "SF HN-Biberach 1978 e.V."]

1. e4 c6 2. d4 d5 3. e5 Bf5 4. c4 dxc4 5. Bxc4 e6 6. Nc3 Ne7 7. g4 Bg6 8. Bg5 h6 9. Bh4 h5 10. Bg3 hxg4 11. Qxg4 Nd7 12. Bh4 Bf5 13. Bxe7 Qxe7 14. Qe2 O-O-O 15. O-O-O Nb6 16. Bb3 Rh4 17. Qe3 g6 18. f4 Bh6 19. Nce2 g5 20. Nf3 gxf4 21. Qc3 Rh3 22. Neg1 Rh5 23. Rd2 Kb8 24. h4 Nd5 25. Qc5 Qxc5+ 26. dxc5 Bf8 27. Bxd5 Rxd5 28. Rxd5 cxd5 29. b4 Be4 30. Rh2 Bg7 31. Ng5 Bxe5 32. Nxf7 f3 33. Nxe5 Rxe5 34. Rf2 Rh5 35. Rb2 Rf5 36. Rf2 Rf4 37. Kd2 Rxh4 38. Nxf3 Bxf3 39. Rxf3 Rxb4 40. Rf6 Re4 41. Rf7 Rc4 42. Re7 Rxc5 43. Rxe6 Ra5 44. Kc3 Rxa2 45. Kd4 Rc2 46. Kxd5 a5 47. Re4 Ka7 48. Kd4 Ka6 49. Kd3 Rc8 50. Kd2 Rc6 51. Re8 a4 0-1

[Event "34.Schlosspark-Open"]
[Site "Wiesbaden-Biebrich"]
[Date "2025.08.31"]
[Round "6.30"]
[White "Dörr, Tarik"]
[Black "Klein, Deniz"]
[Result "1-0"]
[WhiteElo "2010"]
[BlackElo "1956"]
[PlyCount "73"]
[EventDate "2025.08.28"]
[WhiteTeam "SC Einrich e.V."]
[BlackTeam "SK Kaiserslautern 1905"]

1. e4 c5 2. Nf3 d6 3. Bb5+ Nd7 4. a4 a6 5. Bc4 Ngf6 6. Nc3 g6 7. a5 Bg7 8. Bxf7+ Kxf7 9. Ng5+ Kg8 10. Ne6 Qe8 11. Nc7 Qd8 12. Nxa8 h6 13. d4 Kh7 14. Be3 Ng4 15. Qd2 Nxe3 16. fxe3 cxd4 17. exd4 b5 18. O-O Bb7 19. Nb6 Nxb6 20. axb6 Bf6 21. Nd5 Bxd5 22. exd5 Qxb6 23. c3 Kg7 24. Qe3 Qb7 25. Qe6 Rc8 26. Rae1 b4 27. Rxf6 exf6 28. Qxd6 Rc7 29. Re8 Rf7 30. Qd8 h5 31. c4 b3 32. h4 f5 33. Rg8+ Kh7 34. Rh8+ Kg7 35. Qg8+ Kf6 36. Rh6 Rg7 37. Qe6# 1-0

[Event "34.Schlosspark-Open"]
[Site "Wiesbaden-Biebrich"]
[Date "2025.08.31"]
[Round "6.31"]
[White "Becx, Cesar"]
[Black "Shanawaz Thabrez, Shahzaib"]
[Result "1/2-1/2"]
[WhiteElo "2065"]
[BlackElo "1899"]
[PlyCount "69"]
[EventDate "2025.08.28"]
[WhiteTeam "Tilburg"]
[BlackTeam "SK Langen"]

1. f4 e5 2. fxe5 d6 3. Nf3 dxe5 4. e4 Nf6 5. Bc4 Bc5 6. Qe2 Nc6 7. Bxf7+ Kxf7 8. Qc4+ Ke8 9. Qxc5 Nxe4 10. Qe3 Nf6 11. Nxe5 Nxe5 12. Qxe5+ Kf7 13. O-O Re8 14. Qg3 Kg8 15. Nc3 b6 16. d3 Bb7 17. Bg5 Qd4+ 18. Kh1 Rf8 19. Qf4 Qxf4 20. Bxf4 c5 21. Kg1 Nd5 22. Nxd5 Bxd5 23. a4 Rae8 24. Rf2 Re6 25. Raf1 Rfe8 26. h4 h6 27. b3 Kh7 28. Kh2 Rg6 29. Bd2 Rg4 30. g3 Rg6 31. Re1 Ree6 32. Rxe6 Rxe6 33. Bc3 a6 34. Kg1 Re3 35. Kh2 1/2-1/2

[Event "34.Schlosspark-Open"]
[Site "Wiesbaden-Biebrich"]
[Date "2025.08.31"]
[Round "6.33"]
[White "Burkhardt, Jan"]
[Black "Gentner, Markus"]
[Result "1/2-1/2"]
[WhiteElo "1915"]
[BlackElo "2001"]
[PlyCount "132"]
[EventDate "2025.08.28"]
[WhiteTeam "Sfr.Mainz 1928"]
[BlackTeam "SC Murrhardt 1948 e.V."]

1. e4 c6 2. d4 d5 3. Nc3 dxe4 4. Nxe4 Nf6 5. Nxf6+ exf6 6. Be3 Bd6 7. Bd3 O-O 8. c3 Re8 9. Ne2 Qc7 10. Qc2 g6 11. O-O-O Nd7 12. h4 Nf8 13. h5 Bg4 14. hxg6 fxg6 15. Kb1 b5 16. Rde1 a5 17. g3 Bf3 18. Rh4 Re7 19. Ng1 Bd5 20. Be4 Rae8 21. Bxd5+ cxd5 22. Ne2 Nd7 23. Reh1 Nf8 24. Re1 b4 25. Qb3 Qc6 26. cxb4 axb4 27. Rc1 Qb5 28. Rc2 Rb8 29. Rh1 Nd7 30. Rhc1 Kg7 31. Rc6 Rb6 32. R6c2 g5 33. Re1 Nb8 34. Nc1 Nc6 35. Qd3 b3 36. axb3 Nb4 37. Qxb5 Rxb5 38. Rc8 Rb6 39. Bd2 Rxe1 40. Bxe1 Nc6 41. Bc3 Ne7 42. Ra8 h5 43. Kc2 Kg6 44. Kd3 Nf5 45. Ke2 Bxg3 46. fxg3 Nxg3+ 47. Kf3 Ne4 48. Rd8 Rb5 49. Ne2 h4 50. b4 Kf5 51. Be1 g4+ 52. Kg2 h3+ 53. Kh2 Ng5 54. Kg3 Nf3 55. Bc3 h2 56. Kg2 Ke4 57. Ng3+ Kd3 58. Rg8 Nh4+ 59. Kxh2 f5 60. Rf8 Nf3+ 61. Kg2 Nxd4 62. Nxf5 Ne2 63. Rc8 Rb7 64. Rg8 Nxc3 65. bxc3 Kxc3 66. Rxg4 Rxb4 1/2-1/2

[Event "34.Schlosspark-Open"]
[Site "Wiesbaden-Biebrich"]
[Date "2025.08.31"]
[Round "6.34"]
[White "Türkboylari, Bahadir"]
[Black "Hensel, Roman"]
[Result "0-1"]
[WhiteElo "2032"]
[BlackElo "1806"]
[PlyCount "100"]
[EventDate "2025.08.28"]
[WhiteTeam "SK Neuburg"]
[BlackTeam "SV Oberursel"]

1. Nf3 d5 2. g3 g6 3. Bg2 Bg7 4. O-O e5 5. d3 Nc6 6. e4 dxe4 7. dxe4 Qxd1 8. Rxd1 Bg4 9. Be3 Nf6 10. h3 Bxf3 11. Bxf3 Nd4 12. Bxd4 exd4 13. Nc3 O-O-O 14. Nb5 Rhe8 15. Nxa7+ Kb8 16. Nb5 Nxe4 17. c3 Ng5 18. Bg2 dxc3 19. Nxc3 Bxc3 20. bxc3 Rxd1+ 21. Rxd1 Re2 22. Rd8+ Ka7 23. Rd7 Kb8 24. Rd8+ Ka7 25. h4 Ne4 26. Bxe4 Rxe4 27. Rd7 Rc4 28. Rxf7 Rxc3 29. Rxh7 c5 30. h5 gxh5 31. Rxh5 Rc1+ 32. Kg2 c4 33. g4 c3 34. Kf3 b6 35. Ke3 Rd1 36. Rh7+ Kb8 37. Rh8+ Kc7 38. Rh7+ Kd6 39. Rh6+ Kd5 40. Rh5+ Kc4 41. Rh8 Re1+ 42. Kf3 c2 43. g5 c1=Q 44. Rc8+ Kd5 45. Rxc1 Rxc1 46. Kg4 Ke6 47. f4 Ra1 48. Kh5 Kf5 49. Kh6 Rxa2 50. g6 Rh2+ 0-1

[Event "34.Schlosspark-Open"]
[Site "Wiesbaden-Biebrich"]
[Date "2025.08.31"]
[Round "6.35"]
[White "Faulhaber, Tobias"]
[Black "Puschendorf, Steffen"]
[Result "1/2-1/2"]
[WhiteElo "1913"]
[BlackElo "2026"]
[PlyCount "49"]
[EventDate "2025.08.28"]
[WhiteTeam "SC Schifferstadt"]
[BlackTeam "ESV Gera"]

1. e4 e6 2. d4 d5 3. exd5 exd5 4. Bf4 Bd6 5. Qd2 Nf6 6. Nc3 O-O 7. O-O-O Nc6 8. Nge2 Bf5 9. Ng3 Bg6 10. Bxd6 Qxd6 11. Bd3 Bxd3 12. Qxd3 Qf4+ 13. Qd2 Qxd2+ 14. Rxd2 a6 15. Nce2 Rfe8 16. c3 Ne4 17. Nxe4 dxe4 18. Nf4 Rad8 19. Re1 f5 20. Rde2 Re7 21. f3 exf3 22. Rxe7 Nxe7 23. gxf3 Rd7 24. Nd3 b6 25. Ne5 1/2-1/2

[Event "34.Schlosspark-Open"]
[Site "Wiesbaden-Biebrich"]
[Date "2025.08.31"]
[Round "6.36"]
[White "Hipler, Andreas"]
[Black "Wagner, Stefan"]
[Result "1-0"]
[WhiteElo "1873"]
[BlackElo "1984"]
[PlyCount "95"]
[EventDate "2025.08.28"]
[WhiteTeam "SK Gau-Algesheim"]
[BlackTeam "SC Landskrone"]

1. d4 d5 2. Nf3 Nf6 3. g3 Bf5 4. Bg2 e6 5. c4 c6 6. Nc3 h6 7. Qb3 Qb6 8. c5 Qxb3 9. axb3 Be7 10. h3 O-O 11. g4 Bh7 12. Bf4 Nbd7 13. Nd2 Rfe8 14. Bh2 g5 15. O-O Kg7 16. Ra2 Ng8 17. Rfa1 a6 18. b4 Rac8 19. Nb3 Bd8 20. Na5 Bxa5 21. bxa5 e5 22. e3 f6 23. Ra3 Re7 24. Rb3 Nf8 25. dxe5 fxe5 26. Bxd5 Nf6 27. Bf3 Ne6 28. Na4 e4 29. Be2 Bg8 30. Bd6 Rd7 31. Nb6 Rcd8 32. Nxd7 Rxd7 33. Rc3 Nd5 34. Rcc1 Nd8 35. Be5+ Kf7 36. Ra4 Bh7 37. Bc4 Ke6 38. Bc3 Nf7 39. Rd1 Ne5 40. Bxe5 Kxe5 41. Raa1 Bg8 42. Rd4 Be6 43. Rad1 Rf7 44. Kg2 Rf6 45. Bxd5 Bxd5 46. Rb4 Rf7 47. Rdd4 Ke6 48. Rb6 1-0

[Event "34.Schlosspark-Open"]
[Site "Wiesbaden-Biebrich"]
[Date "2025.08.31"]
[Round "6.37"]
[White "Schneider, Jörg"]
[Black "Mehlen, Theodor"]
[Result "1-0"]
[WhiteElo "2004"]
[BlackElo "1813"]
[PlyCount "31"]
[EventDate "2025.08.28"]
[WhiteTeam "Sfr.Mainz 1928"]
[BlackTeam "SC Matt im Park Ffm"]

1. c4 Nf6 2. g3 e6 3. Bg2 d5 4. Nf3 dxc4 5. Qa4+ Bd7 6. Qxc4 c5 7. Qc2 Bc6 8. d3 Be7 9. O-O O-O 10. Nbd2 Nbd7 11. a3 Ng4 12. b3 Bf6 13. Rb1 Nde5 14. Nxe5 Bxg2 15. Nxf7 Qxd3 16. Kxg2 1-0

[Event "34.Schlosspark-Open"]
[Site "Wiesbaden-Biebrich"]
[Date "2025.08.31"]
[Round "6.38"]
[White "Fang, Borui"]
[Black "Dietze, Frank"]
[Result "1-0"]
[WhiteElo "1831"]
[BlackElo "2083"]
[PlyCount "73"]
[EventDate "2025.08.28"]
[WhiteTeam "SV Oberursel"]
[BlackTeam "Wiesbadener SV 1885"]

1. e4 c5 2. Nc3 Nc6 3. Nge2 g6 4. g3 Bg7 5. Bg2 e6 6. O-O Nge7 7. d3 O-O 8. Be3 Nd4 9. f4 d5 10. e5 Nxe2+ 11. Nxe2 d4 12. Bd2 Bd7 13. g4 Qc7 14. Ng3 f6 15. exf6 Bxf6 16. Ne4 Bg7 17. Qe1 Rae8 18. Qh4 Nd5 19. f5 exf5 20. Ng5 Nf6 21. Bd5+ Kh8 22. Bf4 Qb6 23. Bf7 Rxf7 24. Nxf7+ Kg8 25. Ne5 Be6 26. gxf5 Bxf5 27. Rae1 Qd8 28. Bg5 Rf8 29. Qg3 Qc8 30. Nc4 Bh3 31. Rf3 Bg4 32. Rf4 Be6 33. Nd6 Qd7 34. Bxf6 Bxf6 35. Ne4 Be7 36. Rxf8+ Bxf8 37. Nf6+ 1-0

[Event "34.Schlosspark-Open"]
[Site "Wiesbaden-Biebrich"]
[Date "2025.08.31"]
[Round "6.39"]
[White "Musiienko, Platon"]
[Black "Zeyen, Helmut"]
[Result "1-0"]
[WhiteElo "2083"]
[BlackElo "1845"]
[PlyCount "63"]
[EventDate "2025.08.28"]
[WhiteTeam "Wiesbadener SV 1885"]
[BlackTeam "Wiesbadener SV 1885"]

1. e4 d5 2. exd5 Nf6 3. d4 Nxd5 4. c4 Nb6 5. Nf3 g6 6. h3 Bg7 7. Nc3 O-O 8. Be3 Nc6 9. Be2 Na5 10. b3 c5 11. Rc1 cxd4 12. Nxd4 a6 13. O-O Nd7 14. b4 Nc6 15. Nxc6 bxc6 16. Qa4 Bb7 17. Rfd1 Qc7 18. Qb3 f5 19. c5+ Kh8 20. Na4 f4 21. Bd4 e5 22. Bb2 Nf6 23. Nb6 Rad8 24. Nc4 Ne4 25. Rxd8 Rxd8 26. Rd1 Rd5 27. Nb6 Rxd1+ 28. Qxd1 Qe7 29. Bc4 Nf6 30. Qd6 Bf8 31. Bxe5 Kg7 32. Nd7 1-0

[Event "34.Schlosspark-Open"]
[Site "Wiesbaden-Biebrich"]
[Date "2025.08.31"]
[Round "6.40"]
[White "Wagner, Cosima Thien-An"]
[Black "Waffenschmidt, Joachim"]
[Result "0-1"]
[WhiteElo "1837"]
[BlackElo "2025"]
[PlyCount "96"]
[EventDate "2025.08.28"]
[WhiteTeam "TV Tegernsee"]
[BlackTeam "SV 1920 Hofheim"]

1. c4 c6 2. Nf3 d5 3. g3 Nf6 4. Bg2 dxc4 5. O-O Nbd7 6. Qc2 Nb6 7. Na3 Be6 8. Ng5 Bg4 9. f3 Bh5 10. Nxc4 Qd4+ 11. Ne3 h6 12. Nh3 e5 13. Nf2 Bg6 14. Qc3 O-O-O 15. Neg4 Nfd7 16. f4 Bb4 17. Qxd4 exd4 18. a3 Bd6 19. h4 Rhe8 20. e3 h5 21. Nh2 Nc5 22. Ra2 Nc4 23. e4 Nb3 24. d3 Ne3 25. Re1 Nc2 26. Rd1 f6 27. Nf3 Bf7 28. Bd2 Ne3 29. Bxe3 dxe3 30. Nh3 e2 31. Re1 Bc5+ 32. Kh2 Rxd3 33. Rxe2 Nc1 34. Rc2 Bxa2 35. Rxc5 Nb3 36. Rc2 Nd4 37. Nxd4 Rxd4 38. b4 Bb1 39. Re2 Bxe4 40. Nf2 f5 41. Bh3 g6 42. Bf1 Red8 43. Re3 Rd2 44. Kg1 Ra2 45. Bc4 Ra1+ 46. Bf1 Rd2 47. Rc3 Raa2 48. Nh3 Rh2 0-1

[Event "34.Schlosspark-Open"]
[Site "Wiesbaden-Biebrich"]
[Date "2025.08.31"]
[Round "6.41"]
[White "Schild, Willi"]
[Black "Gärtner, David"]
[Result "1-0"]
[WhiteElo "2022"]
[BlackElo "1809"]
[PlyCount "119"]
[EventDate "2025.08.28"]
[WhiteTeam "Schachgemeinschaft Siebengebirge"]
[BlackTeam "Sfr.Mainz 1928"]

1. d4 d5 2. Nf3 Nf6 3. e3 c5 4. c3 Nc6 5. dxc5 e6 6. b4 a5 7. Bb5 Bd7 8. Bxc6 Bxc6 9. Ne5 Qc7 10. Qd4 Nd7 11. Nxc6 Qxc6 12. Bb2 Be7 13. a3 Bf6 14. Qd2 Ne5 15. O-O O-O 16. Qc2 Nc4 17. Nd2 Nxb2 18. Qxb2 Rfc8 19. Nb3 axb4 20. axb4 b6 21. Nd4 Qc7 22. Rxa8 Rxa8 23. cxb6 Qxb6 24. Ra1 Rb8 25. Ra3 h6 26. Qa2 Bxd4 27. exd4 Rc8 28. Ra8 Qc6 29. Rxc8+ Qxc8 30. Qb3 Qa6 31. Qb2 Qd3 32. g3 Qb5 33. f3 Kh7 34. Kf2 Kg6 35. Qe2 Qc6 36. Qd3+ Kf6 37. b5 Qc7 38. Qd2 Ke7 39. Qb2 Qb6 40. Qb4+ Kf6 41. Ke3 g5 42. Kd2 Qa7 43. Kc2 Qa2+ 44. Qb2 Qc4 45. Kb1 Qf1+ 46. Ka2 Qc4+ 47. Ka3 Kg7 48. Qb3 Qf1 49. Kb4 Qa1 50. Qa3 Qf1 51. b6 Qc4+ 52. Ka5 Qc6 53. Qc5 Qd6 54. Kb5 Kf8 55. Qc7 Qa3 56. b7 Qb3+ 57. Kc6 Qa4+ 58. Kd6 Qa3+ 59. Qc5 Qb3 60. Kc7+ 1-0

[Event "34.Schlosspark-Open"]
[Site "Wiesbaden-Biebrich"]
[Date "2025.08.31"]
[Round "6.42"]
[White "Ringel, Max"]
[Black "Fucik, Timo"]
[Result "1/2-1/2"]
[WhiteElo "1760"]
[BlackElo "1936"]
[PlyCount "126"]
[EventDate "2025.08.28"]
[WhiteTeam "SK Bad Homburg 1927"]
[BlackTeam "SK 1926 Ettlingen"]

1. e4 c5 2. Nf3 d6 3. d4 Nf6 4. Nc3 cxd4 5. Nxd4 Bd7 6. Be3 Nc6 7. Bc4 e6 8. f3 a6 9. a4 Be7 10. Qd2 Qc7 11. O-O Ne5 12. Bb3 O-O 13. Kh1 Rac8 14. Bg5 Nc4 15. Bxc4 Qxc4 16. a5 h6 17. Be3 Rfd8 18. f4 e5 19. Nf5 Bf8 20. Bb6 Re8 21. Nxd6 Bxd6 22. Qxd6 Bc6 23. fxe5 Nxe4 24. Nxe4 Qxe4 25. Qd2 Rxe5 26. Rae1 Rd5 27. Qf2 Qg6 28. c3 Rf5 29. Qd2 Rxf1+ 30. Rxf1 Re8 31. b4 Qg4 32. Rf2 Re6 33. Kg1 Qe4 34. Bd4 Rg6 35. Qe2 Qb1+ 36. Qf1 Qb3 37. h3 Bb5 38. Qc1 Qd5 39. Qf4 Bc6 40. Qd2 h5 41. Be3 Qe4 42. Bf4 Kh7 43. Qe2 Qf5 44. Qc2 Be4 45. Qe2 Qd5 46. Qd2 Qf5 47. Qe2 Re6 48. Qd2 Bc6 49. Be3 Qe4 50. Bf4 f6 51. Qc2 Qxc2 52. Rxc2 g5 53. Bb8 Kg6 54. Kf2 h4 55. Rd2 Re4 56. Rd4 Rxd4 57. cxd4 Kf5 58. Bc7 Ke4 59. Bd8 Kf5 60. Be7 Ke6 61. Bd8 Bd5 62. Kf1 Kf5 63. Kf2 Ke6 1/2-1/2

[Event "34.Schlosspark-Open"]
[Site "Wiesbaden-Biebrich"]
[Date "2025.08.31"]
[Round "6.43"]
[White "Neurohr, Jürgen"]
[Black "Börsch, Dieter"]
[Result "1/2-1/2"]
[WhiteElo "1951"]
[BlackElo "1779"]
[PlyCount "99"]
[EventDate "2025.08.28"]
[WhiteTeam "Sfr.Mainz 1928"]
[BlackTeam "SK Bad Homburg 1927"]

1. c4 e5 2. g3 Nf6 3. Bg2 Nc6 4. Nc3 Be7 5. a3 O-O 6. e3 d6 7. Nge2 Be6 8. Nd5 Qd7 9. O-O Bd8 10. b3 Bh3 11. Nec3 Bxg2 12. Kxg2 Qe6 13. Bb2 Ne7 14. Nxf6+ Qxf6 15. d4 exd4 16. Ne2 Nf5 17. Rb1 Qg5 18. Nxd4 Nxd4 19. Bxd4 Bf6 20. h4 Qf5 21. Bxf6 Qxf6 22. Qf3 Qxf3+ 23. Kxf3 Rfe8 24. Rfd1 Re5 25. Rd5 Rae8 26. Rbd1 f5 27. R1d4 Kf7 28. Rxe5 Rxe5 29. e4 fxe4+ 30. Rxe4 Ke6 31. g4 a5 32. Ke3 c6 33. f4 Rxe4+ 34. Kxe4 g6 35. b4 axb4 36. axb4 h5 37. gxh5 gxh5 38. b5 d5+ 39. cxd5+ cxd5+ 40. Kd4 Kf5 41. b6 Kxf4 42. Kxd5 Kg4 43. Kd6 Kxh4 44. Kc7 Kg4 45. Kxb7 h4 46. Kc7 h3 47. b7 h2 48. b8=Q h1=Q 49. Qg8+ Kf4 50. Qg7 1/2-1/2

[Event "34.Schlosspark-Open"]
[Site "Wiesbaden-Biebrich"]
[Date "2025.08.31"]
[Round "6.44"]
[White "Mrsic, Ivan"]
[Black "Eveleens, Wim"]
[Result "0-1"]
[WhiteElo "1829"]
[BlackElo "1984"]
[PlyCount "70"]
[EventDate "2025.08.28"]
[WhiteTeam "Sfr.Mainz 1928"]
[BlackTeam "S.V.De Amstel"]

1. e4 e6 2. d4 d5 3. e5 c5 4. c3 Ne7 5. Bd3 Nec6 6. Nf3 b6 7. Qe2 a5 8. Na3 Ba6 9. Bb5 Be7 10. O-O O-O 11. Be3 c4 12. Nd2 Qd7 13. Bxc6 Nxc6 14. Nc2 b5 15. f4 f5 16. exf6 Bxf6 17. Ne1 b4 18. Nef3 a4 19. a3 bxc3 20. bxc3 Rab8 21. Rab1 Qd6 22. Ne5 Bxe5 23. fxe5 Qxa3 24. Qg4 Bc8 25. Ra1 Rxf1+ 26. Rxf1 Qe7 27. Bg5 Qe8 28. Nf3 a3 29. Bh6 Qg6 30. Bg5 Rb1 31. Ne1 a2 32. Qf3 h6 33. Bd2 a1=Q 34. Qf8+ Kh7 35. Qxc8 Ne7 0-1

[Event "34.Schlosspark-Open"]
[Site "Wiesbaden-Biebrich"]
[Date "2025.08.31"]
[Round "6.45"]
[White "Bolduan, Michael"]
[Black "Dauster, Ronald"]
[Result "0-1"]
[WhiteElo "1825"]
[BlackElo "1954"]
[PlyCount "114"]
[EventDate "2025.08.28"]
[WhiteTeam "Sfr Stiller Zug Wiesbaden"]
[BlackTeam "FT Schierstein"]

1. e4 c5 2. d3 Nc6 3. Nd2 d5 4. Ngf3 e5 5. g3 Nf6 6. Bg2 Be7 7. O-O O-O 8. Re1 d4 9. Nc4 Qc7 10. a4 b6 11. Nh4 g6 12. h3 Nh5 13. Nf3 Bb7 14. Bh6 Ng7 15. Nh2 a6 16. Rf1 b5 17. axb5 axb5 18. Rxa8 Rxa8 19. Nd2 Bf8 20. Ng4 Nh5 21. Kh2 Bc8 22. Bg5 Bg7 23. Nh6+ Kh8 24. Ng4 f6 25. Bh6 Kg8 26. Nf3 Bxg4 27. hxg4 Nxg3 28. Kxg3 Bxh6 29. Rh1 Bf4+ 30. Kh3 h5 31. Nh4 g5 32. Nf5 h4 33. c3 Kh7 34. Qb3 Qd7 35. Bf3 dxc3 36. bxc3 c4 37. Qxb5 cxd3 38. Rd1 d2 39. Qc5 Rc8 40. Qb5 Rc7 41. Be2 Ne7 42. Qb3 Nxf5 43. gxf5 Qc6 44. f3 Qxc3 45. Qe6 Qc6 46. Qb3 Kg7 47. Qb8 Rb7 48. Qa8 Qb6 49. Bc4 Rb8 50. Qd5 Qc7 51. Ra1 Rd8 52. Ra7 Rxd5 53. Rxc7+ Kf8 54. Bxd5 d1=Q 55. Rf7+ Ke8 56. Kg4 h3 57. Rxf6 h2 0-1

[Event "34.Schlosspark-Open"]
[Site "Wiesbaden-Biebrich"]
[Date "2025.08.31"]
[Round "6.46"]
[White "Jakob, Steffen"]
[Black "Fröhlich-Dill, Astrid"]
[Result "1-0"]
[WhiteElo "1918"]
[BlackElo "1786"]
[PlyCount "137"]
[EventDate "2025.08.28"]
[WhiteTeam "Sges Bensheim 1931"]
[BlackTeam "SV 1920 Hofheim"]

1. d4 Nf6 2. Nc3 e6 3. Bf4 Bb4 4. Qd3 b6 5. O-O-O Bxc3 6. Qxc3 Nd5 7. Qf3 Nc6 8. Bg3 Bb7 9. e4 Qg5+ 10. Kb1 Ndb4 11. a3 a5 12. h4 Qe7 13. d5 exd5 14. exd5 Ne5 15. Qc3 f6 16. f4 Nxd5 17. Rxd5 Bxd5 18. fxe5 fxe5 19. Bxe5 O-O 20. Nf3 d6 21. Bc4 Bxc4 22. Qxc4+ Kh8 23. Bc3 Qf7 24. Qd3 Qf5 25. Qd4 Qd7 26. h5 c5 27. Qd2 d5 28. Ne5 Qd6 29. Ng6+ Kg8 30. Nxf8 d4 31. Qd3 Rxf8 32. Bd2 h6 33. g3 Qd5 34. Rh4 Rf3 35. Qe2 Rf6 36. Rf4 Re6 37. Qf3 Qxf3 38. Rxf3 Re5 39. g4 Re4 40. Rf4 Re2 41. Kc1 Rg2 42. Be1 g5 43. Re4 Kf7 44. b4 axb4 45. axb4 Rg1 46. bxc5 bxc5 47. Kd2 Rg2+ 48. Kd3 Kf6 49. Ba5 c4+ 50. Kxc4 Rxc2+ 51. Kxd4 Ra2 52. Bd8+ Kf7 53. Ke5 Rb2 54. Bc7 Rc2 55. Bd6 Rd2 56. Bc5 Rd1 57. Re2 Rc1 58. Rf2+ Ke8 59. Bd6 Re1+ 60. Kf6 Kd7 61. Be5 Re4 62. Rd2+ Kc6 63. Rd4 Re2 64. Kf5 Rf2+ 65. Kg6 Re2 66. Bg7 Re6+ 67. Kh7 Kc5 68. Rd1 Re4 69. Rg1 1-0

[Event "34.Schlosspark-Open"]
[Site "Wiesbaden-Biebrich"]
[Date "2025.08.31"]
[Round "6.47"]
[White "Geyler, Stefan"]
[Black "Kobs, Stephan"]
[Result "1-0"]
[WhiteElo "1797"]
[BlackElo "1915"]
[PlyCount "63"]
[EventDate "2025.08.28"]
[WhiteTeam "BSG 1827 Eckbauer e.V."]
[BlackTeam "TSG 1846 Bretzenheim/ZMO"]

1. e4 c5 2. Nf3 d6 3. c3 Nf6 4. h3 g6 5. Bd3 Bg7 6. Bc2 O-O 7. d4 Nc6 8. O-O e5 9. Re1 Qc7 10. d5 Ne7 11. Nbd2 Nh5 12. a4 Nf4 13. Nc4 h6 14. Bxf4 exf4 15. e5 Rd8 16. exd6 Rxd6 17. Nxd6 Qxd6 18. Qe2 Bf6 19. Rad1 Bf5 20. Bxf5 Nxf5 21. Qb5 a6 22. Qxb7 Rb8 23. Qc6 Rxb2 24. Ne5 Bxe5 25. Qe8+ Kg7 26. Qxe5+ Qxe5 27. Rxe5 Nd6 28. Re7 a5 29. Ra7 Rb6 30. Rxa5 Nc4 31. Rxc5 Nb2 32. Rd4 1-0